Seconde-Histoire : Thème 2 l'ouverture atlantique - Statistiques

Statistiques générales
  • Ce quiz a été pris 49 fois
  • Le résultat moyen est 27 sur 50
Statistiques - réponses
Hint Réponse % Correct
VRAI ou FAUX : Les historiens parlent de grandes découvertes. Faux
100%
Vers quelle direction partent-ils ? (Nord - Sud - Est - Ouest) Sud
81%
Quel océan explorent-ils ? Atlantique
77%
Quel est le premier pays européen à amorcer les "Grandes découvertes" Portugal
74%
De quel continent réalisent-ils la "découverte" ? Amérique
68%
Qui est alors le navigateur à la tête de l'expédition ? Christophe Colomb
68%
Quelle ville était au cœur du commerce entre l'Europe et l'Asie depuis sa "fondation" en 330 ? Constantinople
68%
Quel pays européen entreprend la conquête de l'Amérique centrale ? Espagne
68%
VRAI ou FAUX : Ce débat met ainsi fin à l'esclavage en Amérique Faux
68%
VRAI ou FAUX : Le traité de Tordesillas signifie qu'uniquement les puissances ibériques participent aux expéditions. Faux
68%
Vers quelle direction partent-ils ? (Nord - Sud - Est - Ouest) Ouest
68%
VRAI ou FAUX : Le traitement des amérindiens s'améliore légèrement à la suite de ces échanges. Vrai
68%
En quelle année ? 1492
65%
Quel autre pays européen se lance également dans les expéditions au XVe siècle ? Espagne
65%
Quel pays/territoire espèrent-ils atteindre ? Inde
65%
Quel navigateur réalise le premier tour du monde ? (malgré sa mort) Magellan
65%
Quelle est sa nationalité ? Portugal / Portugais
65%
De quel continent réalisent-ils la "découverte" occidentale ? Afrique
61%
De quelle région du monde viennent une partie de ces esclaves ? Afrique
61%
Comment appelle-t-on les conquérants espagnols ? (mot espagnol attendu) Conquistador
61%
Comment appelle-t-on l'action de diffuser la foi chrétienne ? évangéliser
61%
Quel condiment, utilisé en cuisine, est notamment importé d'Asie en Europe ? Épices
58%
Quelle est l'une des raisons qui motivent les conquérants ? Or / Argent / Cité d'or / Gloire / Richesse
58%
Quelle puissance européenne possède des colonies dans ce territoire mais également au Brésil ? Portugal
58%
De quelle pratique, choquant les européens, sont-ils notamment adeptes ? Sacrifice humain
58%
Quel métal est au coeur des échanges entre l'Europe et l'Amérique ? Or / Argent
55%
Quand cette cité est-elle conquise par les Ottomans ? 1453
52%
En quelle année ? 1494
52%
En quelle année l'expédition lancée par lui se conclue-t-il malgré sa mort ? 1522
52%
Quel peuple domine alors politiquement cet espace ? Aztèque
52%
Comment s'appelle le traité partageant le monde, non connu, entre Espagnols et Portugais ? (nom de la ville attendue) Tordesillas
52%
Par quoi sont également touchés, sans le savoir, les populations locales ? choc microbien
48%
Pour quelle couronne entame-t-il cette circumnavigation ? Espagne
48%
Quelle plante est la base de l'économie de ce peuple en Amérique latine ? Canne à sucre
45%
Quel espace (pays) sont-ils les premiers à atteindre par la mer ? Inde
45%
Quel moine, vivant au contact des amérindiens, est choqué par ces actions ? Las Casas
45%
Comment s'appelle la capitale de cet empire ? Tenochtitlan
45%
Qui est à la tête de cette expédition ? Cortes
42%
Comment les Espagnols entreprennent-ils son extraction ? Esclavage / Esclave / Encomienda
42%
Quelle ville espagnole est alors la porte d'entrée en Europe de ces échanges? Séville
39%
En quelle année ? 1498
35%
En quelle année cela a-t-il lieu ? 1550
35%
Peux-tu citer un explorateur français ? Jacques Cartier
35%
Qui est alors le navigateur à la tête de l'expédition ? Vasco de Gama
35%
Quand la capitale est-elle conquise ? 1521
32%
Comment appelle-t-on ce moment de débat qui a lieu en Espagne ? Controverse de Valladolid
32%
à qui s'oppose-t-il au sujet du devenir des Amérindiens ? Sepulveda
29%
Comment s'appelle l'empereur pris en otage par le conquérant espagnol ? Moctezuma
23%
Comment surnomme-t-on la nuit de fuite des espagnols de la capitale à la suite d'une rébellion de la population locale en 1520 ? Nuit triste
23%
Qu'entreprennent alors les espagnols afin de forcer la population locale à se rendre ? Siège de la ville
19%
Aucun quiz correspondant
Distribution des résultats
% des personnes avec chaque résultat
Percentile par nombre de réponses
Votre historique - résultats
Vous n’avez pas pris ce quiz